<?xml version="1.0" encoding="UTF-8"?>
<record
    xmlns:xsi="http://www.w3.org/2001/XMLSchema-instance"
    xsi:schemaLocation="http://www.loc.gov/MARC21/slim http://www.loc.gov/standards/marcxml/schema/MARC21slim.xsd"
    xmlns="http://www.loc.gov/MARC21/slim">

  <leader>01625cam a22002774a 4500</leader>
  <controlfield tag="003">OSt</controlfield>
  <controlfield tag="005">20210414114647.0</controlfield>
  <controlfield tag="008">150929b        xxu||||| |||| 00| 0 eng d</controlfield>
  <datafield tag="020" ind1=" " ind2=" ">
    <subfield code="a">9780808924319</subfield>
  </datafield>
  <datafield tag="040" ind1=" " ind2=" ">
    <subfield code="c">dl</subfield>
  </datafield>
  <datafield tag="050" ind1="0" ind2="0">
    <subfield code="a">RM301.38.C636 </subfield>
  </datafield>
  <datafield tag="245" ind1="1" ind2="0">
    <subfield code="a">Clinical pharmacology. /</subfield>
    <subfield code="c">Peter N. Bennett, Morris J. Brown and Pankaj Sharma</subfield>
  </datafield>
  <datafield tag="250" ind1=" " ind2=" ">
    <subfield code="a">11th ed. /</subfield>
  </datafield>
  <datafield tag="260" ind1=" " ind2=" ">
    <subfield code="a">New York :</subfield>
    <subfield code="b">Churchill Livingstone,</subfield>
    <subfield code="c">2012.</subfield>
  </datafield>
  <datafield tag="300" ind1=" " ind2=" ">
    <subfield code="a">xi, 667 p. :</subfield>
    <subfield code="b">ill.colour ;</subfield>
  </datafield>
  <datafield tag="504" ind1=" " ind2=" ">
    <subfield code="a">Includes bibliographical references and index.</subfield>
  </datafield>
  <datafield tag="505" ind1=" " ind2=" ">
    <subfield code="a">Content:Section 1: General 1 Clinical pharmacology 2 Topics in drug therapy 3 Discovery and development of drugs 4 Evaluation of drugs in humans 5 Health Technology Assessment 6 Regulation of medicines 7 Classification and naming of drugs Section 2: From Pharmacology to Toxicology 8 General pharmacology 9 Unwanted effects and adverse drug reactions 10 Poisoning, overdose, antidotes 11 Drug dependence Section 3: Infection and Inflammation 12 Chemotherapy of infections 13 Antibacterial drugs 14 Chemotherapy of bacterial infections 15 Viral, fungal, protozoal and helminthic infections 16 Drugs for inflammation and joint disease 17 Drugs and the skin Section 4: Nervous System 18 Pain and analgesics 19 Anaesthesia and neuromuscular block 20 Psychotropic drugs 21 Neurological disorders --  epilepsy,</subfield>
  </datafield>
  <datafield tag="650" ind1=" " ind2="0">
    <subfield code="a">Pharmacology.</subfield>
  </datafield>
  <datafield tag="650" ind1=" " ind2="0">
    <subfield code="a">Nursing.</subfield>
  </datafield>
  <datafield tag="650" ind1="1" ind2="2">
    <subfield code="a">Pharmacology, Clinical</subfield>
  </datafield>
  <datafield tag="700" ind1="1" ind2=" ">
    <subfield code="a">Bennett, Peter N. </subfield>
  </datafield>
  <datafield tag="700" ind1="1" ind2=" ">
    <subfield code="a">Brown, Morris J. </subfield>
  </datafield>
  <datafield tag="700" ind1="1" ind2=" ">
    <subfield code="a">Sharma, Pankaj</subfield>
  </datafield>
  <datafield tag="942" ind1=" " ind2=" ">
    <subfield code="2">lcc</subfield>
    <subfield code="c">BK</subfield>
  </datafield>
  <datafield tag="999" ind1=" " ind2=" ">
    <subfield code="c">7181</subfield>
    <subfield code="d">14681</subfield>
  </datafield>
  <datafield tag="952" ind1=" " ind2=" ">
    <subfield code="0">0</subfield>
    <subfield code="1">0</subfield>
    <subfield code="2">lcc</subfield>
    <subfield code="4">0</subfield>
    <subfield code="7">0</subfield>
    <subfield code="a">WIUC-KL</subfield>
    <subfield code="b">WIUC-KL</subfield>
    <subfield code="c">NURS L.</subfield>
    <subfield code="d">2019-07-19</subfield>
    <subfield code="o">RM301.38.C636(11e)</subfield>
    <subfield code="p">KSN/368/19</subfield>
    <subfield code="r">2020-03-13 00:00:00</subfield>
    <subfield code="t">1</subfield>
    <subfield code="w">2020-03-13</subfield>
    <subfield code="y">BK</subfield>
  </datafield>
  <datafield tag="952" ind1=" " ind2=" ">
    <subfield code="0">0</subfield>
    <subfield code="1">0</subfield>
    <subfield code="2">lcc</subfield>
    <subfield code="4">0</subfield>
    <subfield code="7">0</subfield>
    <subfield code="a">WIUC-KL</subfield>
    <subfield code="b">WIUC-KL</subfield>
    <subfield code="c">NURS L.</subfield>
    <subfield code="d">2019-07-19</subfield>
    <subfield code="o">RM301.38.C6361(11e)</subfield>
    <subfield code="p">KSN/369/19</subfield>
    <subfield code="r">2020-03-13 00:00:00</subfield>
    <subfield code="t">2</subfield>
    <subfield code="w">2020-03-13</subfield>
    <subfield code="y">BK</subfield>
  </datafield>
  <datafield tag="952" ind1=" " ind2=" ">
    <subfield code="0">0</subfield>
    <subfield code="1">0</subfield>
    <subfield code="2">lcc</subfield>
    <subfield code="4">0</subfield>
    <subfield code="7">0</subfield>
    <subfield code="a">WIUC-KL</subfield>
    <subfield code="b">WIUC-KL</subfield>
    <subfield code="c">NURS L.</subfield>
    <subfield code="d">2019-07-19</subfield>
    <subfield code="o">RM301.38.C6362(11e)</subfield>
    <subfield code="p">KSN/370/19</subfield>
    <subfield code="r">2020-03-13 00:00:00</subfield>
    <subfield code="t">3</subfield>
    <subfield code="w">2020-03-13</subfield>
    <subfield code="y">BK</subfield>
  </datafield>
</record>
